[Event "IX Floripa Chess Open Fort Atacadista"]
[Site "Florianópolis - Santa Catari"]
[Date "2023.01.28"]
[Round "9.210"]
[White "De Lima, Lucas Taveira"]
[Black "De Bortolo, Paulo Ricardo"]
[Result "1/2-1/2"]
[WhiteElo "1437"]
[BlackElo "1800"]
[PlyCount "46"]
[EventDate "2023.01.23"]
[EventRounds "10"]
[EventCountry "BRA"]

1. c4 Nf6 2. Nc3 e6 3. e4 d6 4. Nf3 Nbd7 5. d4 c6 6. Be2 Be7 7. O-O h6 8. h3
O-O 9. Be3 Qc7 10. Qc2 a6 11. Rac1 Nb6 12. e5 dxe5 13. Nxe5 Nfd7 14. Bf4 Qd8
15. Qd3 Bg5 16. Qg3 Bxf4 17. Qxf4 Qf6 18. Qg3 c5 19. Ne4 Qe7 20. Nxd7 Nxd7 21.
Rfd1 b6 22. Bf3 Ra7 23. d5 e5 1/2-1/2

[Event "IX Floripa Chess Open Fort Atacadista"]
[Site "Florianópolis - Santa Catari"]
[Date "2023.01.28"]
[Round "9.211"]
[White "Ramos, Fernanda Cabreira"]
[Black "Rey, Antonio"]
[Result "1-0"]
[WhiteElo "1136"]
[BlackElo "1434"]
[PlyCount "79"]
[EventDate "2023.01.23"]
[EventRounds "10"]
[EventCountry "BRA"]

1. Nf3 d5 2. d4 Nf6 3. g3 Bg4 4. Bg2 e6 5. c3 Be7 6. O-O O-O 7. Nbd2 Nbd7 8. b3
c5 9. Ba3 Rc8 10. Bb2 b5 11. Rc1 Qb6 12. Qe1 c4 13. b4 a5 14. a3 a4 15. e4 Bxf3
16. Bxf3 dxe4 17. Nxe4 Nd5 18. Bg2 f5 19. Nc5 Nxc5 20. dxc5 Qc6 21. Rd1 Bf6 22.
Qd2 Rcd8 23. Qc1 Qc7 24. Rfe1 Ne7 25. Rxd8 Rxd8 26. Rxe6 Qd7 27. Rd6 Qc7 28.
Rxd8+ Qxd8 29. Qe1 Qd7 30. Bc1 Nc6 31. Bf4 g5 32. Bd6 Nd8 33. Bd5+ Kg7 34. Bg2
Nf7 35. Qd2 Kg6 36. Bd5 Nxd6 37. cxd6 Be5 38. f4 gxf4 39. gxf4 Bxd6 40. Qg2+
1-0

[Event "IX Floripa Chess Open Fort Atacadista"]
[Site "Florianópolis - Santa Catari"]
[Date "2023.01.28"]
[Round "9.213"]
[White "Solaeche G., Axel Jose"]
[Black "De Sousa, Elizeu Santiago Tav"]
[Result "1/2-1/2"]
[WhiteElo "1106"]
[BlackElo "1401"]
[PlyCount "48"]
[EventDate "2023.01.23"]
[EventRounds "10"]
[EventCountry "BRA"]

1. Nf3 f5 2. c4 d6 3. d4 e6 4. e3 Nf6 5. Nc3 Be7 6. Be2 O-O 7. O-O b6 8. d5 e5
9. h3 Nbd7 10. b3 Nc5 11. Nd2 Qe8 12. Nb5 Bd8 13. f3 Qg6 14. f4 a6 15. Nc3 e4
16. Bb2 Qg3 17. Rf2 Bd7 18. a3 Be8 19. b4 Nb7 20. Nf1 Qh4 21. g3 Qh6 22. Rh2 g6
23. Na2 a5 24. Qd4 Qg7 1/2-1/2

[Event "IX Floripa Chess Open Fort Atacadista"]
[Site "Florianópolis - Santa Catari"]
[Date "2023.01.28"]
[Round "9.214"]
[White "Kawamoto, Victor Misao Buriti"]
[Black "Da Costa, Michael David"]
[Result "1-0"]
[WhiteElo "1800"]
[BlackElo "1396"]
[PlyCount "29"]
[EventDate "2023.01.23"]
[EventRounds "10"]
[EventCountry "BRA"]

1. e4 c6 2. d4 d5 3. Nc3 dxe4 4. Nxe4 Nf6 5. Nxf6+ exf6 6. c3 Bd6 7. Bd3 Be6 8.
Qc2 g6 9. Bh6 Bf8 10. Bxf8 Kxf8 11. Ne2 Qb6 12. O-O Na6 13. Nf4 Nc7 14. Nxe6+
Nxe6 15. Rfe1 1-0

[Event "IX Floripa Chess Open Fort Atacadista"]
[Site "Florianópolis - Santa Catari"]
[Date "2023.01.28"]
[Round "9.215"]
[White "Carvalho, Eduardo Meireles"]
[Black "Fossatti, Igor Anton"]
[Result "1/2-1/2"]
[WhiteElo "1812"]
[BlackElo "1391"]
[PlyCount "117"]
[EventDate "2023.01.23"]
[EventRounds "10"]
[EventCountry "BRA"]

1. e4 c5 2. Nc3 d6 3. g3 Nf6 4. Bg2 e6 5. d3 Be7 6. Nge2 O-O 7. O-O Nc6 8. Bd2
Qc7 9. h3 Bd7 10. Kh2 Ne8 11. f4 f5 12. Ng1 Nd4 13. Nce2 Rc8 14. c3 Nc6 15. Rc1
fxe4 16. dxe4 Qb6 17. a4 a5 18. Nf3 h6 19. Nh4 Bxh4 20. gxh4 Ne7 21. Rf3 Qc6
22. Rg3 Qxa4 23. b3 Qb5 24. c4 Qa6 25. e5 Nf5 26. Rg4 dxe5 27. fxe5 Bc6 28. Qg1
Bxg2 29. Qxg2 h5 30. Rf4 Rd8 31. Ng3 Nxg3 32. Rxf8+ Kxf8 33. Kxg3 Rd3+ 34. Kh2
Rxb3 35. Rf1+ Ke7 36. Bg5+ Kd7 37. Rd1+ Kc7 38. Qd2 Kb6 39. Qd8+ Ka7 40. Ra1
Rb2+ 41. Kg3 Rb3+ 42. Kf2 Rb2+ 43. Ke3 Rb3+ 44. Kd2 Rb2+ 45. Kc3 Rb6 46. Qxe8
Rb4 47. Kd2 Rxc4 48. Ra4 g6 49. Bd8 Rc2+ 50. Kxc2 Qe2+ 51. Kc3 Qe3+ 52. Kc4
Qe4+ 53. Kb5 Qd3+ 54. Rc4 Qb3+ 55. Kxc5 Qa3+ 56. Kd4 Qb2+ 57. Rc3 Qd2+ 58. Rd3
Qb2+ 59. Rc3 1/2-1/2

[Event "IX Floripa Chess Open Fort Atacadista"]
[Site "Florianópolis - Santa Catari"]
[Date "2023.01.28"]
[Round "9.217"]
[White "Miranda, Bianca"]
[Black "Mariani, Kim Paul"]
[Result "1/2-1/2"]
[WhiteElo "1800"]
[BlackElo "1382"]
[PlyCount "34"]
[EventDate "2023.01.23"]
[EventRounds "10"]
[EventCountry "BRA"]

1. e4 c5 2. Nf3 e6 3. c3 Nc6 4. Bb5 d6 5. O-O Nf6 6. Re1 Be7 7. d4 cxd4 8. cxd4
O-O 9. Nc3 Bd7 10. Bg5 a6 11. Ba4 Rc8 12. Qd2 b5 13. Bc2 Na5 14. Bd3 h6 15. Bh4
Nc4 16. Bxc4 Rxc4 17. e5 dxe5 1/2-1/2

[Event "IX Floripa Chess Open Fort Atacadista"]
[Site "Florianópolis - Santa Catari"]
[Date "2023.01.28"]
[Round "9.221"]
[White "Silva, Diego Augusto De S."]
[Black "Zottis, Ernani"]
[Result "1-0"]
[WhiteElo "1715"]
[BlackElo "1352"]
[PlyCount "33"]
[EventDate "2023.01.23"]
[EventRounds "10"]
[EventCountry "BRA"]

1. d4 d5 2. Nf3 Nf6 3. Bf4 e6 4. e3 h6 5. Nbd2 Be7 6. h3 b6 7. Bd3 Bb7 8. O-O
Nbd7 9. Ne5 Nxe5 10. Bxe5 Qd7 11. Nf3 O-O-O 12. c4 dxc4 13. Bxc4 Bd6 14. Rc1
Rhg8 15. Qe2 Bxf3 16. Qxf3 Bxe5 17. Qa8# 1-0

[Event "IX Floripa Chess Open Fort Atacadista"]
[Site "Florianópolis - Santa Catari"]
[Date "2023.01.28"]
[Round "9.223"]
[White "De Bortolo, Artur Mattos"]
[Black "De Souza, Carlos Alberto"]
[Result "0-1"]
[WhiteElo "1181"]
[BlackElo "1474"]
[PlyCount "64"]
[EventDate "2023.01.23"]
[EventRounds "10"]
[EventCountry "BRA"]

1. Nf3 Nc6 2. g3 e5 3. d3 Nf6 4. Bg2 d5 5. O-O Be7 6. Nbd2 O-O 7. c4 d4 8. a3
a5 9. Ng5 Ng4 10. Ngf3 f5 11. Ne1 Bd7 12. Nc2 Bg5 13. Rb1 Qe7 14. b4 Rab8 15.
b5 Nd8 16. a4 b6 17. Ba3 Qf6 18. Bxf8 Kxf8 19. h3 Qh6 20. Nf3 Nf6 21. Nxe5 Ne6
22. Nxd7+ Nxd7 23. Ne1 Ne5 24. h4 Bxh4 25. gxh4 Qxh4 26. f3 Qg3 27. Nc2 Nf4 28.
Ne1 Re8 29. Qd2 Neg6 30. Kh1 Rxe2 31. Qxe2 Nxe2 32. Nc2 Qh4+ 0-1

[Event "IX Floripa Chess Open Fort Atacadista"]
[Site "Florianópolis - Santa Catari"]
[Date "2023.01.28"]
[Round "9.224"]
[White "Orofino, Gabriel"]
[Black "Telles, Arnoldo Beber"]
[Result "0-1"]
[WhiteElo "1460"]
[BlackElo "1060"]
[PlyCount "60"]
[EventDate "2023.01.23"]
[EventRounds "10"]
[EventCountry "BRA"]

1. e4 c5 2. Nf3 d6 3. Bb5+ Bd7 4. Bxd7+ Nxd7 5. b3 Ngf6 6. d3 e5 7. Bb2 Be7 8.
O-O O-O 9. c4 h6 10. Nc3 a6 11. a4 Re8 12. h3 Kh8 13. Nh2 Nh7 14. Ng4 Nhf6 15.
Nh2 Nh7 16. Nd5 Ndf6 17. Ne3 Kg8 18. Nf5 Ng5 19. Ng4 Nxg4 20. Qxg4 Bf6 21. h4
Ne6 22. Nxh6+ Kf8 23. Nf5 g6 24. Ne3 Bxh4 25. g3 Bf6 26. Qh3 Ng5 27. Qh1 Kg7
28. Ng4 Rh8 29. Qg2 Nh3+ 30. Qxh3 Rxh3 0-1

[Event "IX Floripa Chess Open Fort Atacadista"]
[Site "Florianópolis - Santa Catari"]
[Date "2023.01.28"]
[Round "9.225"]
[White "Spagnollo, Pedro Henrique"]
[Black "De Souza, Samuel De Deus"]
[Result "1-0"]
[WhiteElo "1379"]
[BlackElo "1800"]
[PlyCount "61"]
[EventDate "2023.01.23"]
[EventRounds "10"]
[EventCountry "BRA"]

1. d4 d5 2. c4 e6 3. Nf3 Nc6 4. g3 b6 5. Bg2 Bb7 6. O-O Bd6 7. Nbd2 Qf6 8. e3
Ba6 9. Qc2 O-O-O 10. Re1 Bb7 11. c5 bxc5 12. dxc5 Be7 13. Rb1 Nh6 14. b4 a6 15.
a4 e5 16. b5 Nb8 17. Bb2 axb5 18. Bxe5 Qg6 19. Qxg6 hxg6 20. Bxg7 Rh7 21. Bxh6
Rxh6 22. Rxb5 Bc6 23. Ra5 Nd7 24. Nd4 Nb8 25. Rb1 Kd7 26. e4 dxe4 27. Nxe4 Rdh8
28. h4 Rxh4 29. gxh4 Rxh4 30. Nxc6 Nxc6 31. Rd1+ 1-0

[Event "IX Floripa Chess Open Fort Atacadista"]
[Site "Florianópolis - Santa Catari"]
[Date "2023.01.28"]
[Round "9.226"]
[White "Poli, Maria Luiza De Oliv"]
[Black "Spieker, Otavio Schmidt"]
[Result "0-1"]
[WhiteElo "1156"]
[BlackElo "1352"]
[PlyCount "110"]
[EventDate "2023.01.23"]
[EventRounds "10"]
[EventCountry "BRA"]

1. e4 e5 2. Nf3 Nc6 3. Bc4 Bc5 4. Nc3 d6 5. h3 Nf6 6. d3 h6 7. Be3 Bb6 8. Qd2
Be6 9. Bb3 Nd4 10. Bxd4 exd4 11. Ne2 c5 12. O-O O-O 13. c3 dxc3 14. Nxc3 Bc7
15. Rfe1 Re8 16. Bxe6 fxe6 17. Rad1 Nd7 18. Qe2 a6 19. d4 Qe7 20. d5 e5 21. Rb1
Qd8 22. a3 Ba5 23. Rec1 Rc8 24. Qe3 Nf6 25. Ne2 Qd7 26. Ng3 Rf8 27. Rc2 Kh7 28.
Nh2 Rce8 29. Rf1 Qa4 30. Rfc1 Qd4 31. Re2 Qxe3 32. fxe3 b5 33. Nf5 Nxe4 34. Nh4
Bb6 35. N4f3 c4 36. Nf1 Nc5 37. Rec2 Nb3 38. Rd1 Rc8 39. Kh2 e4 40. N3d2 Nxd2
41. Rcxd2 Rf7 42. Re2 Re8 43. Nd2 h5 44. Rf1 Rxf1 45. Nxf1 Ba5 46. Ng3 g6 47.
Rf2 Kg7 48. Rf4 Bb6 49. Rxe4 Rxe4 50. Nxe4 Bxe3 51. g3 Bc5 52. Kg2 Kf7 53. Ng5+
Kf6 54. Ne4+ Ke5 55. Nc3 Bd4 0-1

[Event "IX Floripa Chess Open Fort Atacadista"]
[Site "Florianópolis - Santa Catari"]
[Date "2023.01.28"]
[Round "9.227"]
[White "Morato, Saulo Duenas"]
[Black "Pinto, Pedro Daminelli Lag"]
[Result "0-1"]
[WhiteElo "1345"]
[BlackElo "1800"]
[PlyCount "48"]
[EventDate "2023.01.23"]
[EventRounds "10"]
[EventCountry "BRA"]

1. d4 d5 2. c4 e6 3. Nc3 a6 4. Bf4 Nf6 5. e3 Be7 6. Nf3 c6 7. Rc1 Nbd7 8. cxd5
exd5 9. Bd3 h6 10. O-O O-O 11. Re1 Nh5 12. Re2 Nxf4 13. exf4 Re8 14. Qb3 Nf6
15. Rce1 Qc7 16. f5 b5 17. Rc1 Qf4 18. Rce1 Kf8 19. g3 Qxf3 20. Nd1 Bxf5 21.
Bxf5 Qxf5 22. Re5 Qg4 23. Qc3 Bd6 24. f3 Qd7 0-1

[Event "IX Floripa Chess Open Fort Atacadista"]
[Site "Florianópolis - Santa Catari"]
[Date "2023.01.28"]
[Round "9.228"]
[White "Coutinho, Lucas Buss Soares"]
[Black "Guerreiro, Heitor Koffermann"]
[Result "1/2-1/2"]
[WhiteElo "1099"]
[BlackElo "1313"]
[PlyCount "31"]
[EventDate "2023.01.23"]
[EventRounds "10"]
[EventCountry "BRA"]

1. e4 c5 2. Nf3 d6 3. Bb5+ Bd7 4. Bxd7+ Nxd7 5. O-O Ngf6 6. Nc3 g6 7. Re1 Bg7
8. d4 cxd4 9. Nxd4 O-O 10. Bg5 Qa5 11. Qd2 Ne5 12. Qe2 Nc6 13. Nf3 Nd7 14. Nd5
Qd8 15. c3 Nb6 16. Rad1 1/2-1/2

[Event "IX Floripa Chess Open Fort Atacadista"]
[Site "Florianópolis - Santa Catari"]
[Date "2023.01.28"]
[Round "9.230"]
[White "Nunes, Nicole"]
[Black "Lima, Yuri Ramos Santos"]
[Result "0-1"]
[WhiteElo "1014"]
[BlackElo "1284"]
[PlyCount "110"]
[EventDate "2023.01.23"]
[EventRounds "10"]
[EventCountry "BRA"]

1. d4 Nf6 2. Bf4 g6 3. Nf3 Bg7 4. h3 O-O 5. e3 d6 6. Be2 Nbd7 7. O-O c5 8. c3
a6 9. a4 cxd4 10. cxd4 Nb6 11. Nc3 Bf5 12. Rc1 Ne4 13. Nxe4 Bxe4 14. b3 Rc8 15.
Qd2 Qd7 16. Ng5 Bc6 17. Qd1 h6 18. Nf3 Nd5 19. Bh2 Nb4 20. e4 Bxe4 21. Qd2 Nc6
22. Bf4 Kh7 23. Rfe1 Bxf3 24. Bxf3 Nxd4 25. Bd1 Rxc1 26. Qxc1 Rc8 27. Qe3 e5
28. Bh2 Qc7 29. Bg4 f5 30. Bd1 Qc3 31. Qxc3 Rxc3 32. Kh1 Nxb3 33. Bxb3 Rxb3 34.
Rd1 Bf8 35. Rc1 Kg7 36. Rc7+ Kf6 37. Rc1 Ra3 38. f3 d5 39. Bg3 Rxa4 40. Rc7 Rb4
41. Rc8 Be7 42. Kg1 Rb1+ 43. Kf2 f4 44. Bh2 b6 45. g3 Rb2+ 46. Kg1 Bc5+ 47. Kh1
fxg3 48. Bxg3 a5 49. Bh4+ g5 50. Bg3 a4 51. Rc6+ Kf5 52. Rxh6 a3 53. h4 a2 54.
hxg5 a1=Q+ 55. Be1 Qxe1# 0-1

[Event "IX Floripa Chess Open Fort Atacadista"]
[Site "Florianópolis - Santa Catari"]
[Date "2023.01.28"]
[Round "9.231"]
[White "Biazon, Natalia De Oliveira"]
[Black "Santana, Luiz Alberto"]
[Result "1/2-1/2"]
[WhiteElo "1813"]
[BlackElo "1253"]
[PlyCount "44"]
[EventDate "2023.01.23"]
[EventRounds "10"]
[EventCountry "BRA"]

1. d4 d5 2. Bf4 Nf6 3. e3 e6 4. Nf3 Be7 5. Be2 Nbd7 6. O-O O-O 7. c4 dxc4 8.
Bxc4 Nh5 9. Be5 Nxe5 10. Nxe5 Nf6 11. Nc3 a6 12. Ng4 Nxg4 13. Qxg4 b5 14. Bd3
f5 15. Qe2 Bb7 16. e4 f4 17. Rad1 Qe8 18. d5 e5 19. f3 Qg6 20. a4 b4 21. Na2 a5
22. Bc4 Bd6 1/2-1/2

[Event "IX Floripa Chess Open Fort Atacadista"]
[Site "Florianópolis - Santa Catari"]
[Date "2023.01.28"]
[Round "9.232"]
[White "Nunes, Alice"]
[Black "Tischler Lema Garcia, Maria Eduarda"]
[Result "1/2-1/2"]
[WhiteElo "1800"]
[BlackElo "1246"]
[PlyCount "58"]
[EventDate "2023.01.23"]
[EventRounds "10"]
[EventCountry "BRA"]

1. d4 d5 2. Bf4 e6 3. Nf3 Be7 4. e3 Nf6 5. Bd3 O-O 6. Nbd2 b6 7. O-O Bb7 8. Ne5
Nbd7 9. Ndf3 c5 10. c3 c4 11. Bc2 Qc7 12. Nxd7 Qxd7 13. Ba4 Qd8 14. Ne5 Rc8 15.
Qf3 a6 16. Bg5 Ne4 17. Bxe7 Qxe7 18. Nd7 b5 19. Nxf8 Nd2 20. Qe2 Nxf1 21. Bc2
Kxf8 22. Rxf1 f5 23. f4 h6 24. g4 fxg4 25. Qxg4 a5 26. f5 exf5 27. Qxf5+ Ke8
28. Re1 Qg5+ 29. Qxg5 hxg5 1/2-1/2

[Event "IX Floripa Chess Open Fort Atacadista"]
[Site "Florianópolis - Santa Catari"]
[Date "2023.01.28"]
[Round "9.233"]
[White "Nunes, Lilia"]
[Black "Esquinelato, Marcos Vinicius Mol"]
[Result "0-1"]
[WhiteElo "1800"]
[BlackElo "1237"]
[PlyCount "35"]
[EventDate "2023.01.23"]
[EventRounds "10"]
[EventCountry "BRA"]

1. c4 c5 2. Nc3 g6 3. g3 Bg7 4. Bg2 e6 5. Nf3 Ne7 6. e4 Nbc6 7. O-O a6 8. Rb1
O-O 9. d3 Nd4 10. Be3 Nec6 11. Qd2 Qf6 12. Nxd4 cxd4 13. Bg5 dxc3 14. Bxf6 cxd2
15. Bxg7 Kxg7 16. Rfd1 Nb4 17. a3 Nc6 18. Rxd2 0-1

[Event "IX Floripa Chess Open Fort Atacadista"]
[Site "Florianópolis - Santa Catari"]
[Date "2023.01.28"]
[Round "9.239"]
[White "Baratieri, Maria Vitoria"]
[Black "Da Luz, Fabio Rodolfo"]
[Result "0-1"]
[WhiteElo "1743"]
[BlackElo "1373"]
[PlyCount "54"]
[EventDate "2023.01.23"]
[EventRounds "10"]
[EventCountry "BRA"]

1. d4 d5 2. c4 e6 3. Nc3 Bb4 4. Bd2 Nf6 5. Nf3 Bf8 6. e3 g6 7. Bd3 Bg7 8. O-O
O-O 9. Qc2 Nc6 10. Rac1 b6 11. a3 Bb7 12. b4 a6 13. Rfe1 Nb8 14. Ne5 Nbd7 15.
Nf3 dxc4 16. Bxc4 Re8 17. Be2 e5 (17... c5) 18. Nxe5 Nxe5 19. dxe5 Rxe5 20. Qd1
Rb8 21. Bf3 Bxf3 22. gxf3 Nd5 23. e4 Nxc3 24. Bxc3 Qxd1 25. Rcxd1 Rg5+ 26. Kf1
Bxc3 27. Rd3 Bg7 0-1

[Event "IX Floripa Chess Open Fort Atacadista"]
[Site "Florianópolis - Santa Catari"]
[Date "2023.01.28"]
[Round "9.240"]
[White "Seara, Sophia Parisotto"]
[Black "Bieging, Luca Jurgen"]
[Result "0-1"]
[WhiteElo "1739"]
[BlackElo "1290"]
[PlyCount "54"]
[EventDate "2023.01.23"]
[EventRounds "10"]
[EventCountry "BRA"]

1. d4 Nf6 2. c4 c5 3. Nf3 cxd4 4. Nxd4 e5 5. Nc2 Bc5 6. e3 O-O 7. Nc3 Nc6 8.
Be2 d6 9. O-O Bf5 10. Nd5 Rc8 11. Bd2 Be4 12. Bc3 Nxd5 13. cxd5 Ne7 14. Bf3
Bxc2 15. Qxc2 Bb4 16. Rac1 Qa5 17. Rfd1 Qxa2 18. Qd3 Bxc3 19. bxc3 f5 20. Qc2
Qxc2 21. Rxc2 e4 22. Be2 Rc5 23. c4 Rfc8 24. f3 Nxd5 25. fxe4 Nxe3 26. Rcd2
Nxd1 27. Rxd1 fxe4 0-1

[Event "IX Floripa Chess Open Fort Atacadista"]
[Site "Florianópolis - Santa Catari"]
[Date "2023.01.28"]
[Round "9.241"]
[White "Vaz, Vania Dora Madona"]
[Black "Biazon, Heloise De Oliveira"]
[Result "1-0"]
[WhiteElo "1267"]
[BlackElo "1773"]
[PlyCount "51"]
[EventDate "2023.01.23"]
[EventRounds "10"]
[EventCountry "BRA"]

1. e4 e6 2. d3 d5 3. Nd2 c5 4. Ngf3 Nf6 5. g3 Be7 6. Bg2 O-O 7. O-O Nc6 8. Re1
g6 9. e5 Nd7 10. c3 d4 11. h4 dxc3 12. bxc3 f6 13. d4 fxe5 14. dxe5 b5 15. Ne4
Ncxe5 16. Nxe5 Nxe5 17. Nf6+ Bxf6 18. Bxa8 Bd7 19. Bg2 Qc8 20. h5 Bc6 21. f4
Nc4 22. hxg6 hxg6 23. Qg4 Kg7 24. Bxc6 Qxc6 25. Rxe6 Re8 26. Rxc6 1-0

[Event "IX Floripa Chess Open Fort Atacadista"]
[Site "Florianópolis - Santa Catari"]
[Date "2023.01.28"]
[Round "9.242"]
[White "Berteli, Laura Manarim"]
[Black "Vieira, Luiza Lessing"]
[Result "1/2-1/2"]
[WhiteElo "1682"]
[BlackElo "1231"]
[PlyCount "34"]
[EventDate "2023.01.23"]
[EventRounds "10"]
[EventCountry "BRA"]

1. e4 c5 2. Nf3 d6 3. Be2 Nf6 4. e5 dxe5 5. Nxe5 a6 6. O-O e6 7. Nc3 Be7 8. d3
O-O 9. Ng4 Nbd7 10. Bf4 Nxg4 11. Bxg4 Nf6 12. h3 h6 13. Ne4 c4 14. Nxf6+ Bxf6
15. Qe2 cxd3 16. cxd3 Re8 17. Rad1 Qb6 1/2-1/2

[Event "IX Floripa Chess Open Fort Atacadista"]
[Site "Florianópolis - Santa Catari"]
[Date "2023.01.28"]
[Round "9.243"]
[White "Born, Ary"]
[Black "Lisboa, Maria Eduarda Mazza"]
[Result "0-1"]
[WhiteElo "1227"]
[BlackElo "1743"]
[PlyCount "78"]
[EventDate "2023.01.23"]
[EventRounds "10"]
[EventCountry "BRA"]

1. d4 d5 2. Bf4 Nf6 3. Nf3 c5 4. c3 Nc6 5. Nbd2 Bf5 6. Nh4 Bg6 7. Nxg6 fxg6 8.
h3 e6 9. Bg5 Be7 10. Qc2 cxd4 11. Qa4 dxc3 12. Nf3 Nd7 13. Bxe7 Qxe7 14. Qh4
Qxh4 15. Nxh4 cxb2 16. Rb1 O-O-O 17. f4 e5 18. f5 g5 19. Nf3 h6 20. g4 e4 21.
Nd2 Rde8 22. e3 h5 23. Bg2 hxg4 24. Rxb2 gxh3 25. Bxh3 g4 26. Bg2 Rxh1+ 27.
Bxh1 Rh8 28. Bg2 Rf8 29. Nf1 Rxf5 30. Ng3 Rf6 31. Rb5 Nb6 32. Nh5 Rg6 33. Nf4
Rg5 34. a3 Kc7 35. Rc5 Kd7 36. Nh5 g6 37. Ng3 Nc4 38. Nf1 Nxa3 39. Nh2 b6 0-1

[Event "IX Floripa Chess Open Fort Atacadista"]
[Site "Florianópolis - Santa Catari"]
[Date "2023.01.28"]
[Round "9.244"]
[White "Bisconsin, Raul"]
[Black "Motta, Agahta Dos Santos"]
[Result "0-1"]
[WhiteElo "1092"]
[BlackElo "1704"]
[PlyCount "38"]
[EventDate "2023.01.23"]
[EventRounds "10"]
[EventCountry "BRA"]

1. e4 c5 2. Nf3 g6 3. Bc4 Bg7 4. Nc3 Nc6 5. d3 d6 6. Ng5 e6 7. f4 h6 8. Nf3 Nf6
9. Be3 Ng4 10. Qd2 O-O 11. e5 Nxe3 12. Qxe3 d5 13. Qxc5 dxc4 14. dxc4 Qb6 15.
Qd6 Rd8 16. Na4 Qe3+ 17. Kf1 Rxd6 18. exd6 Nd4 19. Nxd4 Bxd4 0-1

[Event "IX Floripa Chess Open Fort Atacadista"]
[Site "Florianópolis - Santa Catari"]
[Date "2023.01.28"]
[Round "9.248"]
[White "Duarte, Giovanna Torqui"]
[Black "Buffon, Maria Ivy Segalin"]
[Result "0-1"]
[WhiteElo "1040"]
[BlackElo "1703"]
[PlyCount "62"]
[EventDate "2023.01.23"]
[EventRounds "10"]
[EventCountry "BRA"]

1. d4 Nf6 2. Bf4 d5 3. e3 e6 4. Bd3 c5 5. c3 Bd6 6. Bg3 Nc6 7. Nf3 O-O 8. Ne5
c4 9. Be2 Bxe5 10. Bxe5 Nxe5 11. dxe5 Nd7 12. f4 Nc5 13. O-O Qb6 14. Rf3 Qxb2
15. Rf1 Nb3 16. axb3 Qxa1 17. bxc4 dxc4 18. Bxc4 Qa5 19. Qh5 Qc5 20. Qe2 Bd7
21. Bd3 f6 22. exf6 Rxf6 23. Rf3 Raf8 24. Rg3 e5 25. Qh5 Bf5 26. Bxf5 Rxf5 27.
Qh6 g6 28. Rh3 Rh5 29. Rxh5 Qxe3+ 30. Kf1 Rxf4+ 31. Qxf4 Qxf4+ 0-1

[Event "IX Floripa Chess Open Fort Atacadista"]
[Site "Florianópolis - Santa Catari"]
[Date "2023.01.29"]
[Round "10.1"]
[White "Delgado Ramirez, Neuris"]
[Black "Pichot, Alan"]
[Result "1/2-1/2"]
[WhiteElo "2562"]
[BlackElo "2634"]
[PlyCount "44"]
[EventDate "2023.01.23"]
[EventRounds "10"]
[EventCountry "BRA"]

1. e4 e5 2. Nf3 Nc6 3. Nc3 Nf6 4. d4 exd4 5. Nxd4 Bb4 6. Nxc6 bxc6 7. Bd3 O-O
8. O-O d5 9. Bd2 Bxc3 10. Bxc3 dxe4 11. Bxf6 Qxf6 12. Bxe4 Qxb2 13. Bxc6 Rb8
14. Rb1 Qxb1 15. Qxb1 Rxb1 16. Rxb1 Rd8 17. Bf3 Kf8 18. Rb8 Re8 19. h4 Ba6 20.
Rb4 Re6 21. Ra4 Rb6 22. Bd5 Bb7 1/2-1/2

[Event "IX Floripa Chess Open Fort Atacadista"]
[Site "Florianópolis - Santa Catari"]
[Date "2023.01.29"]
[Round "10.2"]
[White "Di Berardino, Diego Rafael"]
[Black "Flores Quillas, Diego Saul Rodri"]
[Result "1/2-1/2"]
[WhiteElo "2458"]
[BlackElo "2321"]
[PlyCount "72"]
[EventDate "2023.01.23"]
[EventRounds "10"]
[EventCountry "BRA"]

1. d4 Nf6 2. c4 e6 3. Nc3 Bb4 4. e3 O-O 5. Bd3 d5 6. a3 Bxc3+ 7. bxc3 dxc4 8.
Bxc4 c5 9. Ne2 Qc7 10. Bd3 Nbd7 11. O-O b6 12. e4 e5 13. f4 cxd4 14. cxd4 exd4
15. e5 Ng4 16. Be4 Bb7 17. Bxb7 Qxb7 18. Nxd4 Qd5 19. h3 Nh6 20. Nf5 Qxd1 21.
Nxh6+ gxh6 22. Rxd1 Rfd8 23. Be3 Nc5 24. Bxc5 bxc5 25. Kf2 h5 26. g4 hxg4 27.
hxg4 Rab8 28. Rxd8+ Rxd8 29. Ke3 c4 30. Rc1 Rd3+ 31. Ke4 Rg3 32. g5 c3 33. f5
Rg4+ 34. Kf3 Rxg5 35. Kf4 Rg4+ 36. Kf3 Rc4 1/2-1/2

[Event "IX Floripa Chess Open Fort Atacadista"]
[Site "Florianópolis - Santa Catari"]
[Date "2023.01.29"]
[Round "10.3"]
[White "Mareco, Sandro"]
[Black "Melian, Juan Sebastian"]
[Result "1-0"]
[WhiteElo "2625"]
[BlackElo "2197"]
[PlyCount "49"]
[EventDate "2023.01.23"]
[EventRounds "10"]
[EventCountry "BRA"]

1. e4 c5 2. Nf3 e6 3. d4 cxd4 4. Nxd4 a6 5. Nc3 b5 6. Bd3 Bb7 7. O-O Nc6 8.
Nxc6 Bxc6 9. Qe2 Bc5 10. a4 b4 11. Nd5 a5 12. Bf4 d6 13. Rad1 Ne7 14. Nxe7 Qxe7
15. e5 d5 16. Qg4 f5 17. exf6 gxf6 18. Rfe1 e5 19. Bb5 Bxb5 20. axb5 Rd8 21.
Qh5+ Qf7 22. Rxe5+ fxe5 23. Qxe5+ Be7 24. Qxh8+ Kd7 25. Qe5 1-0

[Event "IX Floripa Chess Open Fort Atacadista"]
[Site "Florianópolis - Santa Catari"]
[Date "2023.01.29"]
[Round "10.4"]
[White "Labussiere, Victor"]
[Black "Fier, Alexandr"]
[Result "0-1"]
[WhiteElo "2315"]
[BlackElo "2602"]
[PlyCount "94"]
[EventDate "2023.01.23"]
[EventRounds "10"]
[EventCountry "BRA"]

1. c4 g6 2. g3 Bg7 3. Bg2 d6 4. Nc3 f5 5. d3 Nf6 6. e4 O-O 7. Nge2 fxe4 8. dxe4
c5 9. O-O Nc6 10. h3 e5 11. Nd5 Be6 12. Kh2 Qd7 13. Be3 Rf7 14. Qd2 Raf8 15.
Nxf6+ Bxf6 16. b3 a6 17. Nc3 Bg7 18. f4 Nd4 19. Rf2 b5 20. cxb5 axb5 21. Raf1
b4 22. Bxd4 cxd4 23. Na4 h5 24. Nb6 Qd8 25. f5 gxf5 26. exf5 Rxf5 27. Rxf5 Rxf5
28. Rxf5 Bxf5 29. Qxb4 h4 30. gxh4 e4 31. Nc4 d5 32. Qc5 Be6 33. Nd2 d3 34. Qe3
Qxh4 35. Nxe4 dxe4 36. Qxe4 Qxe4 37. Bxe4 d2 38. Bc2 Kf7 39. Kg2 Kf6 40. a4 Ke5
41. Bd1 Kd4 42. a5 Kc3 43. a6 Bd4 44. Kg3 Bxb3 45. Bf3 Bc4 46. h4 Bxa6 47. Kf4
Bd3 0-1